Homenaje a D. Francisco Codera en su jubilación del profesorado (Record no. 81244)

MARC details
000 -LEADER
campo de control de longitud fija 00692nam a2200193 i 4500
001 - NÚMERO DE CONTROL
campo de control 81244
003 - IDENTIFICADOR DE NÚMERO DE CONTROL
campo de control ES-MaACL
005 - FECHA Y HORA DE LA ÚLTIMA TRANSACCIÓN
campo de control 20240312215325.0
007 - CAMPO FIJO DE DESCRIPCIÓN FÍSICA--INFORMACIÓN GENERAL
campo de control de longitud fija t|
008 - DATOS DE LONGITUD FIJA--INFORMACIÓN GENERAL
campo de control de longitud fija 041103s1904 sp ||||1| spa d
245 00 - MENCIÓN DEL TÍTULO
Título Homenaje a D. Francisco Codera en su jubilación del profesorado
Resto del título : estudios de erudición oriental /
Mención de responsabilidad, etc. con una introducción de D. Eduardo Saavedra.
260 ## - PUBLICACIÓN, DISTRIBUCIÓN, ETC.
Lugar de publicación, distribución, etc. Zaragoza :
Nombre del editor, distribuidor, etc. Mariano Escar,
Fecha de publicación, distribución, etc. 1904.
300 ## - DESCRIPCIÓN FÍSICA
Extensión XXXVIII, 656 p., 1 lám. ;
Dimensiones 27 cm.
500 ## - NOTA GENERAL
Nota general Con retr. de D. Francisco Codera.
600 04 - PUNTO DE ACCESO ADICIONAL DE MATERIA--NOMBRE DE PERSONA
Nombre de persona Codera y Zaidín, Francisco.
9 (RLIN) 39416
700 1# - ENTRADA AGREGADA--NOMBRE PERSONAL
Nombre de persona Saavedra, Eduardo,
Fechas asociadas al nombre 1829-1912
9 (RLIN) 101132
852 ## - LOCALIZACIÓN
Ubicación ES-MaACL
Número de control de estantería B-3868
Holdings
Estatus retirado Estado de pérdida Estado de daño No para préstamo Biblioteca de origen Biblioteca actual Ubicación en estantería Fecha de adquisición Fuente de adquisición Total de préstamos Signatura topográfica completa Código de barras Visto por última vez Precio de reemplazo Tipo de ítem Koha
        Biblioteca del Ateneo de Madrid Biblioteca del Ateneo de Madrid Sala Pardo Bazán 17/01/2008     B-3868 1084932 23/02/2023 23/02/2023 Libro impreso